000 00288nam a22001337a 4500
008 190225b xxu||||| |||| 00| 0 eng d
020 _a9780385248518
041 _aeng
080 _a338
100 _a52
101 _aMNG
245 _aCreativity in Business
_cRay, M
942 _2udc
_cBK
999 _c54206
_d54206